12 Gods of Mount Olympus - Statistics

General Stats
  • This quiz has been taken 131 times
  • The average score is 8 of 12
Answer Stats
Answer % Correct
Zeus
98%
Poseidon
86%
Athena
84%
Hera
84%
Apollo
81%
Artemis
74%
Ares
70%
Hermes
70%
Aphrodite
58%
Dionysus
53%
Demeter
47%
Hephaestus
42%
No matching quizzes found
Score Distribution
Percent of People with Each Score
Percentile by Number Answered
Your Score History
You have not taken this quiz